[Event "Club Rapid"]
[Site "Wellington Chess Club"]
[Date "2022.04.28"]
[Round "5.3"]
[White "Winter, Ryan"]
[Black "Van der Hoorn, Thomas"]
[Result "1-0"]
[WhiteElo "2052"]
[BlackElo "1869"]

1. e4 e5 2. Nf3 Nc6 3. Bb5 a6 4. Ba4 Nf6 5. Qe2 Be7 6. O-O b5 7. Bb3 O-O 8. c3
d6 9. h3 Be6 10. Bxe6 fxe6 11. d4 exd4 12. cxd4 e5 13. dxe5 Nxe5 14. Nxe5 dxe5
15. a4 c6 16. Nd2 Qb6 17. Nf3 Rae8 18. Be3 Bc5 19. Bxc5 Qxc5 20. Rfc1 Qb6 21.
Qc2 Rc8 22. Nxe5 c5 23. axb5 Qxb5 24. Nc4 Rcd8 25. Rd1 Rd4 26. Rxd4 cxd4 27.
Nd6 Qb6 28. Qc4+ Kh8 29. Rxa6 Qxb2 30. Ra8 Qb1+ 31. Kh2 Ng4+ 32. hxg4 1-0

[Event "Club Rapid"]
[Site "Wellington Chess Club"]
[Date "2022.04.28"]
[Round "5.5"]
[White "Zaslow, Henry"]
[Black "Perrin, Brent"]
[Result "0-1"]
[WhiteElo "1617"]
[BlackElo "1765"]

1. e4 e6 2. d4 d5 3. Nd2 Nf6 4. e5 Nfd7 5. f4 c5 6. c3 Nc6 7. Ndf3 Qb6 8. a3 a5
9. b3 g6 10. Bb2 Bg7 11. Be2 O-O 12. Nh3 Qc7 13. O-O b6 14. c4 dxc4 15. Bxc4
Ba6 16. Bxa6 Rxa6 17. d5 exd5 18. Qxd5 Rd8 19. Qc4 Raa8 20. Nhg5 Nf8 21. Rad1
h6 22. Ne4 Ne6 23. Nd6 Rd7 24. h3 Rad8 25. g4 Ne7 26. Nh4 Nc8 27. g5 Nxd6 28.
exd6 Rxd6 29. Rxd6 Qxd6 0-1

[Event "Club Rapid"]
[Site "Wellington Chess Club"]
[Date "2022.04.28"]
[Round "5.8"]
[White "Rose, Nathan"]
[Black "Wilkins, Mark"]
[Result "1-0"]
[WhiteElo "1161"]
[BlackElo "1717"]

1. e4 c5 2. Nf3 g6 3. d4 cxd4 4. Nxd4 Bg7 5. c4 Nc6 6. Be3 Nf6 7. Nc3 O-O 8.
Be2 d6 9. O-O Nxd4 10. Bxd4 Be6 11. Rc1 a6 12. Qd2 Rc8 13. b3 Qd7 14. f3 Ne8
15. Bxg7 Nxg7 16. Nd5 Rc6 17. Rfd1 f5 18. Qg5 Bxd5 19. exd5 Rcc8 20. Re1 e5 21.
dxe6 Nxe6 22. Qd2 Kg7 23. Rcd1 Rc6 24. f4 Rd8 25. Bf3 Rc5 26. Bd5 Re8 27. Bxe6
Rxe6 28. Rxe6 Qxe6 29. Qxd6 Qxd6 30. Rxd6 Rc7 31. Kf2 Kf7 32. Ke3 Ke7 33. Rd5
Kf6 34. Kd4 h6 35. Rd6+ Kf7 36. Kd5 Re7 37. c5 Re2 38. Rd7+ Kf6 39. Rxb7 Rxg2
40. c6 Rd2+ 41. Kc5 Rxa2 42. c7 Rc2+ 43. Kb6 Ke6 44. Rb8 Kd7 45. Rd8+ 1-0

[Event "Club Rapid"]
[Site "Wellington Chess Club"]
[Date "2022.04.28"]
[Round "5.10"]
[White "Forster, Bill"]
[Black "Young, Cohen"]
[Result "0-1"]
[WhiteElo "1862"]
[BlackElo "1341"]

1. Nf3 Nf6 2. c4 e6 3. g3 d5 4. Bg2 Be7 5. b3 O-O 6. Bb2 c5 7. d3 Nc6 8. Nbd2
d4 9. O-O e5 10. a3 a5 11. Qc2 Ne8 12. e4 Be6 13. Ne1 Nc7 14. f4 f6 15. f5 Bf7
16. Nef3 b5 17. g4 Rb8 18. h4 a4 19. bxa4 b4 20. Rfb1 Na6 21. Bc1 Qc7 22. Nb3
bxa3 23. Rxa3 Nab4 24. Qe2 Na5 25. Bf1 Nxd3 26. Qxd3 Bxc4 27. Qxc4+ Nxc4 28.
Bxc4+ Kh8 29. Bd2 Qc6 30. Re1 Rb4 31. Bb5 Rxb5 32. axb5 Qxb5 33. Na1 c4 34. Ra5
Qb6 35. Rd5 c3 36. Bc1 Rd8 37. Rxd8+ Bxd8 38. Nc2 d3+ 39. Be3 Qb2 40. Ra1 dxc2
41. Ra8 c1=Q+ 42. Bxc1 Qxc1+ 43. Kg2 Qc2+ 44. Kg3 Qd1 0-1

[Event "Club Rapid"]
[Site "Wellington Chess Club"]
[Date "2022.04.28"]
[Round "6.1"]
[White "Winsley, Nicholas"]
[Black "Ker, Anthony"]
[Result "0-1"]
[WhiteElo "1542"]
[BlackElo "2367"]

1. d4 Nf6 2. Nf3 e6 3. e3 c5 4. Bd3 b6 5. O-O Bb7 6. Nbd2 cxd4 7. exd4 Be7 8.
Re1 O-O 9. b3 Qc7 10. c4 Re8 11. Bb2 d6 12. Rc1 Nbd7 13. Ng5 h6 14. Nge4 Rac8
15. Qe2 Qb8 16. Nxf6+ Nxf6 17. Bb1 Qa8 18. f3 d5 19. Qd3 Bb4 20. a3 Bxd2 21.
Qxd2 Rc7 22. c5 Ba6 23. b4 Bc4 24. Bd3 b5 25. a4 a6 26. axb5 axb5 27. Ra1 Ra7
28. Rxa7 Qxa7 29. Ra1 Qb7 30. Bc1 Ra8 31. Rxa8+ Qxa8 32. Bxc4 dxc4 33. Qb2 Qa4
34. Qa3 Qd1+ 35. Kf2 Nd5 36. Qb2 c3 {white lost on time} 0-1

[Event "Club Rapid"]
[Site "Wellington Chess Club"]
[Date "2022.04.28"]
[Round "6.5"]
[White "Van der Hoorn, Thomas"]
[Black "Archer, Ollie"]
[Result "0-1"]
[WhiteElo "1869"]
[BlackElo "1719"]

1. e4 e6 2. b3 d5 3. Bb2 dxe4 4. Nc3 Nf6 5. Qe2 Be7 6. O-O-O Nbd7 7. g4 O-O 8.
Bg2 Nd5 9. Bxe4 N7f6 10. Bf3 Nf4 11. Qc4 e5 12. Ne4 Nxg4 13. h3 Be6 14. Qf1 Nf6
15. Bxe5 Nxe4 16. Bxe4 Ba3+ 17. Kb1 Bd5 18. f3 Re8 19. Bc3 Bxe4 20. fxe4 Rxe4
21. d3 Nd5 22. Ba1 Ne3 23. Qf3 Re8 24. Re1 Nf5 25. Ne2 g6 26. Rhg1 Qh4 27. Rgf1
Nd6 28. Bf6 Qh6 29. h4 Qe3 30. Qxe3 Rxe3 31. Nd4 Rae8 32. h5 c5 33. Nf3 0-1

[Event "Club Rapid"]
[Site "Wellington Chess Club"]
[Date "2022.04.28"]
[Round "6.7"]
[White "Zaslow, Henry"]
[Black "Tanoi, Edward"]
[Result "0-1"]
[WhiteElo "1617"]
[BlackElo "1877"]

1. e4 c5 2. Nf3 Nc6 3. c3 g6 4. d4 cxd4 5. cxd4 Bg7 6. Nc3 d6 7. Bc4 e6 8. O-O
Nge7 9. d5 exd5 10. exd5 Ne5 11. Nxe5 dxe5 12. Qb3 O-O 13. Be3 Nf5 14. Bc5 Nd4
15. Bxd4 exd4 16. Ne2 a6 17. a4 Rb8 18. Rfd1 b5 19. axb5 axb5 20. Bd3 Bg4 21.
h3 Bd7 22. Be4 Qh4 23. Qd3 Rfe8 24. Bf3 Bf5 25. Qd2 d3 26. Ng3 Bd7 27. Rab1 Qf6
28. Qxd3 h5 29. b4 h4 30. Ne4 Qf4 31. Nc5 0-1

[Event "Club Rapid"]
[Site "Wellington Chess Club"]
[Date "2022.04.28"]
[Round "6.8"]
[White "Chen, Wei Kai"]
[Black "Malcolm, Aidan"]
[Result "1-0"]
[WhiteElo "1737"]
[BlackElo "1563"]

1. Nf3 f5 2. d4 Nf6 3. c4 e6 4. Nc3 Be7 5. Bf4 O-O 6. e3 d6 7. Be2 a5 8. O-O
Nh5 9. h3 Nxf4 10. exf4 Bf6 11. Re1 Nc6 12. d5 Ne7 13. dxe6 Bxc3 14. bxc3 Bxe6
15. Ng5 Bd7 16. Bf3 Rb8 17. Bd5+ Kh8 18. Nf7+ Rxf7 19. Bxf7 Qf8 20. Bd5 Ng6 21.
Qd2 c6 22. Bf3 Rd8 23. Rab1 Bc8 24. Bh5 Qf7 25. Bxg6 Qxg6 26. Re7 h6 27. Rbe1
b6 28. Qe3 Ba6 29. Qxb6 Ra8 30. Qxc6 Rb8 31. Qxa6 Rb2 32. Qc8+ Kh7 33. Qe6 Qh5
34. Re8 Qh4 35. Qg8+ Kg6 36. R8e6+ 1-0

[Event "Club Rapid"]
[Site "Wellington Chess Club"]
[Date "2022.04.28"]
[Round "6.9"]
[White "Young, Cohen"]
[Black "Symon, Christopher"]
[Result "1-0"]
[WhiteElo "1341"]
[BlackElo "1596"]

1. e4 c5 2. Nf3 Nc6 3. d4 cxd4 4. Nxd4 Nf6 5. Nc3 g6 6. Nxc6 bxc6 7. e5 Nh5 8.
g4 Ng7 9. Bh6 Qa5 10. f4 Ne6 11. Bxf8 Rxf8 12. Qd2 Qb4 13. f5 gxf5 14. gxf5 Nd4
15. O-O-O Rb8 16. Qxd4 Qxb2+ 17. Kd2 Rb4 18. Qc5 Kd8 19. Rb1 1-0

[Event "Club Rapid"]
[Site "Wellington Chess Club"]
[Date "2022.04.28"]
[Round "6.14"]
[White "Ashe, Michael"]
[Black "Forster, Bill"]
[Result "0-1"]
[WhiteElo "1487"]
[BlackElo "1862"]

1. d4 c5 2. d5 e5 3. c4 f5 4. Nc3 Nf6 5. Bg5 d6 6. e4 Be7 7. Bd3 Nxd5 8. Bxe7
Nxe7 9. exf5 Bxf5 10. Bxf5 Nxf5 11. Ne4 O-O 12. Qd5+ Kh8 13. Qxb7 Qa5+ 14. Nc3
Na6 15. Ne2 Nb4 16. O-O Nd3 17. Rab1 Rab8 18. Qe4 Nxb2 19. Qc2 Nxc4 20. Qd3
Rxb1 21. Rxb1 Nb6 22. Rb5 Qa3 23. Rb3 c4 24. Qxf5 Qc1+ 25. Nxc1 Rxf5 26. Ra3
Rf7 27. N1e2 d5 28. Nb5 d4 29. Rxa7 Rxa7 30. Nxa7 c3 31. Nc6 Nd5 32. f4 c2 33.
fxe5 d3 34. Ncd4 c1=Q+ 35. Nxc1 d2 0-1

[Event "Club Rapid"]
[Site "Wellington Chess Club"]
[Date "2022.04.28"]
[Round "6.17"]
[White "Asher, Bruce"]
[Black "Hooper, John"]
[Result "0-1"]
[WhiteElo "1109"]
[BlackElo "1074"]

1. e4 e6 2. Nf3 d5 3. Nc3 c5 4. Bb5+ Bd7 5. O-O Qb6 6. Bxd7+ Nxd7 7. exd5 exd5
8. Qe2+ Be7 9. Nxd5 Qd6 10. c4 O-O-O 11. d3 Ndf6 12. Bf4 Qe6 13. Nxe7+ Nxe7 14.
Ne5 Nf5 15. Qf3 Nh4 16. Qg3 Nf5 17. Qh3 Rdf8 18. Rfe1 Nd4 19. Qxe6+ fxe6 20.
Rad1 Nd7 21. Re4 Nxe5 22. Bxe5 Rhg8 23. Rde1 Re8 24. b4 b6 25. b5 Kd7 26. Rf4
Re7 27. Bxd4 cxd4 28. Rxd4+ Kc7 29. Rc1 Rd8 30. Rxd8 Kxd8 31. Rd1 Ke8 32. f4 g6
33. Kf2 Kd7 34. Kf3 Rf7 0-1

[Event "Club Rapid"]
[Site "Wellington Chess Club"]
[Date "2022.05.05"]
[Round "7.1"]
[White "Ker, Anthony"]
[Black "Perrin, Brent"]
[Result "1-0"]
[WhiteElo "2367"]
[BlackElo "1765"]

1. e4 d5 2. exd5 Qxd5 3. Nc3 Qd8 4. d4 Nf6 5. Nf3 Bg4 6. h3 Bxf3 7. Qxf3 c6 8.
Bd2 e6 9. O-O-O Bb4 10. a3 Bxc3 11. Bxc3 Qd5 12. Qg3 O-O 13. Bd3 Nbd7 14. Kb1
a5 15. b3 Ne4 16. Bxe4 Qxe4 17. d5 e5 18. Rhe1 Qf5 19. dxc6 bxc6 20. Qd3 Qxd3
21. Rxd3 Nc5 22. Rd6 f6 23. Rxc6 Nb7 24. Rd1 a4 25. Rd7 Nd8 26. Rb6 axb3 27.
cxb3 Re8 28. a4 Ne6 29. Rbb7 Rab8 30. Kb2 Rxb7 31. Rxb7 Nc5 32. Rc7 Nd3+ 33.
Kc2 Nxf2 34. a5 Ne4 35. Bb4 Re6 36. Kd3 f5 37. Ra7 Nf2+ 38. Ke2 Ne4 39. a6 Rb6
40. Ra8+ Kf7 41. Rf8+ Ke6 42. a7 Rc6 43. a8=Q Rc2+ 44. Kd3 1-0

[Event "Club Rapid"]
[Site "Wellington Chess Club"]
[Date "2022.05.05"]
[Round "7.5"]
[White "Winter, Ryan"]
[Black "Young, Cohen"]
[Result "1-0"]
[WhiteElo "2052"]
[BlackElo "1341"]

1. e4 c5 2. Nf3 e6 3. d4 cxd4 4. Nxd4 Nf6 5. Nc3 Nc6 6. Nxc6 bxc6 7. e5 Nd5 8.
Ne4 Qc7 9. f4 Qb6 10. c4 Bb4+ 11. Ke2 f5 12. Nf2 Ba6 13. Kf3 Ne7 14. Be3 Bc5
15. Bxc5 Qxc5 16. b3 g5 17. Qd6 g4+ 18. Ke2 Qa5 19. Nd3 Rd8 20. Qc5 Qb6 21. Rd1
Nd5 22. Qxb6 Nc3+ 23. Kd2 Ne4+ 24. Ke3 axb6 25. Nf2 d5 26. exd6 Nxd6 27. Be2
Kf7 28. Nd3 c5 29. Ne5+ Kf6 30. h3 g3 31. Bf3 Ne4 32. Bxe4 fxe4 33. Nd7+ Kf5
34. Nxb6 Rd3+ 35. Rxd3 exd3 36. Rd1 Rd8 37. Na4 Rd4 38. Nxc5 1-0

[Event "Club Rapid"]
[Site "Wellington Chess Club"]
[Date "2022.05.05"]
[Round "7.17"]
[White "Webster, Jamie"]
[Black "Brockway, Andrew"]
[Result "1/2-1/2"]
[WhiteElo "1537"]
[BlackElo "1668"]

1. e4 c5 2. Nf3 g6 3. d4 cxd4 4. Nxd4 Nc6 5. c4 Nf6 6. Nc3 Bg7 7. Be3 d6 8. Be2
O-O 9. O-O Nxd4 10. Bxd4 Be6 11. f4 Qc8 12. Nd5 Nxd5 13. cxd5 Bxd4+ 14. Qxd4
Bd7 15. Rac1 Qd8 16. e5 Qa5 17. a3 Rac8 18. Kh1 Rxc1 19. Rxc1 Rc8 20. Rxc8+
Bxc8 21. Qd1 Qc5 22. g3 Bf5 23. Bf3 Qe3 24. Qe2 Qxe2 25. Bxe2 dxe5 26. fxe5
Be4+ 27. Kg1 Bxd5 28. Kf2 f6 29. exf6 exf6 30. Ke3 Kf7 31. Kd4 Ke6 32. Bd3 Kd6
33. h4 Bg8 34. g4 Be6 35. g5 fxg5 36. hxg5 Bg4 37. Bc4 Be6 38. Bd3 Bb3 39. Be4
b6 40. Bb7 Bc2 41. Bd5 1/2-1/2

[Event "Club Rapid"]
[Site "Wellington Chess Club"]
[Date "2022.05.05"]
[Round "7.18"]
[White "Hooper, John"]
[Black "Jones, Christopher"]
[Result "1-0"]
[WhiteElo "1074"]
[BlackElo "1333"]

1. d4 d5 2. c4 c6 3. g3 e6 4. Bg2 Nf6 5. Bg5 Nbd7 6. Nf3 Bb4+ 7. Bd2 Qa5 8. O-O
dxc4 9. Bg5 O-O 10. a3 b6 11. Nbd2 Bxd2 12. Bxd2 Qh5 13. h3 c5 14. Qc2 b5 15.
a4 Ba6 16. e4 Nb6 17. g4 Qg6 18. Ne5 cxd4 19. Nxg6 fxg6 20. axb5 Bxb5 21. Bb4
Rfd8 22. e5 Nfd5 23. Bxd5 Nxd5 24. Bc5 d3 25. Qd2 a6 26. Bd6 Ra7 27. f4 Rf7 28.
f5 gxf5 29. gxf5 exf5 30. Qg5 Re8 31. Rxf5 Rxf5 32. Qxf5 d2 33. Rd1 Ne3 34. Qf3
Nxd1 35. Qxd1 Kf7 36. Qxd2 Ke6 37. Kf2 Rd8 38. Ke3 Rd7 39. Kf4 g6 40. h4 Bc6
41. Qe3 Rf7+ 42. Kg5 Rf5+ 43. Kh6 Rh5+ 44. Kg7 Rxh4 45. Qf2 Rh1 46. Qf7# 1-0

[Event "Club Rapid"]
[Site "Wellington Chess Club"]
[Date "2022.05.05"]
[Round "8.1"]
[White "Croad, Nicolas"]
[Black "Ker, Anthony"]
[Result "1-0"]
[WhiteElo "2328"]
[BlackElo "2367"]

1. e4 c5 2. Nf3 g6 3. d4 cxd4 4. Qxd4 Nf6 5. Nc3 Nc6 6. Qa4 d6 7. e5 Ng4 8. Bf4
Bg7 9. exd6 e5 10. Bg5 f6 11. Bh4 O-O 12. Bc4+ Kh8 13. Rd1 Bd7 14. Bb5 Nh6 15.
O-O a6 16. Bxc6 Bxc6 17. Qb3 Bxf3 18. gxf3 Nf5 19. Bg3 Nd4 20. Rxd4 exd4 21.
Nd5 f5 22. Re1 h5 23. Re7 Bf6 24. Nxf6 Rxf6 25. Be5 1-0

[Event "Club Rapid"]
[Site "Wellington Chess Club"]
[Date "2022.05.05"]
[Round "8.4"]
[White "Van der Hoorn, Thomas"]
[Black "Langford, Josh"]
[Result "1-0"]
[WhiteElo "1869"]
[BlackElo "1757"]

1. e4 c6 2. d4 d5 3. Nc3 dxe4 4. Nxe4 Nf6 5. Nxf6+ exf6 6. c3 Bd6 7. Bd3 O-O 8.
Qc2 Re8+ 9. Ne2 h5 10. O-O h4 11. h3 Nd7 12. Be3 Nf8 13. c4 Ne6 14. Nc3 Bb8 15.
d5 Qd6 16. f4 Nc5 17. Bxc5 Qxc5+ 18. Kh1 Qe3 19. Ne4 Kh8 20. Rae1 Qd4 21. Ng5
Rxe1 22. Nxf7+ Kg8 23. Rxe1 Bd7 24. Re4 Qc5 25. Nd8 Bxf4 26. Nxb7 Qb4 27. Rxf4
Qxb7 28. Rxh4 cxd5 29. cxd5 Rc8 30. Bc4 Bb5 31. d6+ Bxc4 32. Rxc4 Rxc4 33.
Qxc4+ Kf8 34. Qc7 Qxb2 35. d7 1-0

[Event "Club Rapid"]
[Site "Wellington Chess Club"]
[Date "2022.05.05"]
[Round "8.7"]
[White "Sole, Michael"]
[Black "Forster, Bill"]
[Result "1/2-1/2"]
[WhiteElo "1969"]
[BlackElo "1862"]

1. e4 g6 2. d4 Bg7 3. Nc3 d6 4. Be3 a6 5. g4 b5 6. h4 Bb7 7. f3 Nd7 8. h5 b4 9.
Nce2 Ngf6 10. hxg6 hxg6 11. Rxh8+ Bxh8 12. Qd2 c5 13. c3 Qa5 14. Nc1 bxc3 15.
bxc3 Rc8 16. Nb3 Qa3 17. Rd1 Bxe4 18. fxe4 Nxe4 19. Qd3 Qxa2 20. Qxa6 Qxa6 21.
Bxa6 Rb8 22. Bc4 Nxc3 23. Rc1 d5 24. Bf4 dxc4 25. Bxb8 cxb3 26. Rxc3 b2 27. Rb3
Bxd4 28. Ne2 c4 29. Rb4 c3 30. Nxd4 e5 31. Ne2 Nc5 32. Rb5 c2 33. Rxb2 Nd3+ 34.
Kd2 Nxb2 35. Kxc2 Nc4 36. Kd3 Na5 37. Bxe5 Nc6 38. Ke4 f5+ 1/2-1/2

[Event "Club Rapid"]
[Site "Wellington Chess Club"]
[Date "2022.05.05"]
[Round "8.9"]
[White "Young, Cohen"]
[Black "Aldridge, Alan"]
[Result "0-1"]
[WhiteElo "1341"]
[BlackElo "1828"]

1. e4 e5 2. Nc3 Nf6 3. f4 d5 4. fxe5 Nxe4 5. Qf3 Nxc3 6. bxc3 Be6 7. d4 c5 8.
Bb5+ Nc6 9. Ne2 Qh4+ 10. g3 Qe4 11. Qxe4 dxe4 12. Nf4 O-O-O 13. Nxe6 fxe6 14.
Bxc6 bxc6 15. Be3 cxd4 16. cxd4 c5 17. c3 Be7 18. Ke2 Kc7 19. Rhf1 Rhf8 20.
Rab1 Rxf1 21. Rxf1 Rf8 22. Rxf8 Bxf8 23. dxc5 Kc6 24. Bd4 Bxc5 25. Ke3 Kd5 26.
Bxc5 Kxc5 27. Kxe4 Kc4 28. g4 Kxc3 29. a4 a5 30. g5 Kb4 31. Kd4 h6 32. gxh6
gxh6 33. h3 h5 34. h4 Kxa4 35. Kc5 Kb3 36. Kd6 a4 37. Kxe6 a3 38. Kf7 a2 39. e6
a1=Q 40. e7 Qf1+ 41. Kg8 Qe2 42. Kf7 Qf3+ 43. Kg7 Qe4 44. Kf8 Qf4+ 45. Kg7 Qe5+
46. Kf7 Qf5+ 47. Kg7 Qe5+ 48. Kf8 Qf6+ 49. Ke8 Kc4 0-1

[Event "Club Rapid"]
[Site "Wellington Chess Club"]
[Date "2022.05.05"]
[Round "8.13"]
[White "Brockway, Andrew"]
[Black "Malcolm, Aidan"]
[Result "0-1"]
[WhiteElo "1668"]
[BlackElo "1563"]

1. e4 d6 2. d4 Nf6 3. Nc3 Nbd7 4. Bd3 e5 5. dxe5 dxe5 6. Bg5 c6 7. f3 h6 8. Bh4
Bc5 9. Nge2 Be3 10. Bf2 Bxf2+ 11. Kxf2 Qb6+ 12. Kf1 Qxb2 13. Rb1 Qa3 14. Rb3
Qe7 15. Ng3 Nc5 16. Rb1 O-O 17. Qe1 Nxd3 18. cxd3 Rd8 19. Rd1 Qc5 20. Rc1 Qb6
21. Rb1 Qc7 22. Rd1 Be6 23. Qe3 Qa5 24. d4 exd4 25. Rxd4 Bxa2 26. Ra4 Bc4+ 27.
Rxc4 Qa1+ 28. Qe1 Qa6 29. Qe2 b5 30. Rc5 Qa3 31. Qe3 Qa1+ 32. Qe1 Qa3 33. Qe2
Qxc5 34. Nf5 Qxc3 35. Ne7+ Kh8 36. Kf2 Rd2 0-1

[Event "Club Rapid"]
[Site "Wellington Chess Club"]
[Date "2022.05.12"]
[Round "9"]
[White "Farrington, Lawrence"]
[Black "Hooper, John"]
[Result "1-0"]
[WhiteElo "1503"]
[BlackElo "1074"]

1. e4 e6 2. d4 d5 3. Nc3 Bb4 4. e5 c5 5. a3 Bxc3+ 6. bxc3 Nc6 7. Nf3 f6 8. Bf4
Qa5 9. Qd2 Bd7 10. Bd3 cxd4 11. cxd4 f5 12. O-O Qa4 13. c3 Nge7 14. h3 O-O 15.
Bc2 Qa5 16. Rfb1 Rab8 17. Bd3 Ng6 18. Bh2 Nh4 19. Be2 Nxf3+ 20. Bxf3 Ne7 21.
Qb2 Rfc8 22. Rc1 Rc7 23. Bf4 Rbc8 24. Bd2 Qb5 25. Qxb5 Bxb5 26. a4 Bc4 27. Re1
Rb8 28. Reb1 Nc6 29. a5 b5 30. axb6 Rxb6 31. Rxb6 axb6 32. Ra8+ Kf7 33. Bh5+ g6
34. Bd1 Ra7 35. Rxa7+ Nxa7 36. f3 Nb5 37. Kf2 Na3 38. Be1 b5 39. Ke3 g5 40. g3
Kg6 41. f4 h6 42. Kd2 b4 43. cxb4 Nb5 44. Be2 Nxd4 45. Bxc4 dxc4 46. Kc3 Nc6
47. Kxc4 Kf7 48. b5 Nb8 49. Kc5 Ke7 50. Kb6 Nd7+ 51. Kc7 Nc5 52. Bb4 1-0

[Event "Club Rapid"]
[Site "Wellington Chess Club"]
[Date "2022.05.12"]
[Round "9"]
[White "Forster, Bill"]
[Black "Wilkins, Mark"]
[Result "1-0"]
[WhiteElo "1862"]
[BlackElo "1717"]

1. e4 c5 2. Nf3 g6 3. Bd3 Bg7 4. O-O Nc6 5. c3 e5 6. Re1 Nf6 7. Bc2 O-O 8. d4
d6 9. h3 Qc7 10. d5 Ne7 11. Bg5 b5 12. Na3 Rb8 13. Rc1 a5 14. c4 Ba6 15. Bd3
bxc4 16. Bxc4 Bxc4 17. Nxc4 Rb4 18. Bd2 Rb5 19. a4 Rb7 20. Bxa5 Qd7 21. Bb6 Nc8
22. a5 Nxb6 23. Nxb6 Qb5 24. Nc4 Qa6 25. Qa4 Rb5 26. Nxd6 Rxa5 27. Qc6 Qxc6 28.
dxc6 Ne8 29. Nb7 Rb5 30. Nxc5 Nc7 31. Red1 Rxb2 32. Rd7 Ne6 33. c7 Bf6 34. Nxe6
fxe6 35. c8=Q 1-0

[Event "Club Rapid"]
[Site "Wellington Chess Club"]
[Date "2022.05.12"]
[Round "9"]
[White "Ker, Anthony"]
[Black "Van der Hoorn, Thomas"]
[Result "1-0"]
[WhiteElo "2367"]
[BlackElo "1869"]

1. e4 c6 2. d4 d5 3. exd5 cxd5 4. Bd3 Nc6 5. c3 Qc7 6. Ne2 Bg4 7. f3 Bd7 8. f4
Nf6 9. Nd2 e6 10. O-O Bd6 11. Nf3 a6 12. Ne5 O-O 13. Ng3 b5 14. a3 Na5 15. Nh5
Ne8 16. Rf3 f6 17. Rh3 fxe5 18. fxe5 Bxe5 19. Bxh7+ Kxh7 20. Nf6+ Kg6 21. Qh5+
Kxf6 22. Bg5+ Kf5 23. Rf3+ 1-0

[Event "Club Rapid"]
[Site "Wellington Chess Club"]
[Date "2022.05.12"]
[Round "9"]
[White "Malcolm, Aidan"]
[Black "Young, Cohen"]
[Result "1-0"]
[WhiteElo "1563"]
[BlackElo "1341"]

1. e4 c5 2. Be2 Nc6 3. d3 g6 4. f4 Bg7 5. Nf3 d6 6. O-O e6 7. Qe1 Nge7 8. c3 e5
9. Qg3 O-O 10. Bd1 Be6 11. Ng5 Bd7 12. Bb3 Be8 13. Nf3 Na5 14. fxe5 dxe5 15.
Nxe5 Nxb3 16. axb3 Qb6 17. Ng4 h5 18. Ne3 Qxb3 19. Qd6 Nc6 20. Qxc5 Rd8 21. d4
Nxd4 22. Qg5 Ne6 23. Qg3 Bb5 24. Nd2 Qxc3 25. bxc3 Bxc3 26. Nd5 Bxa1 27. Ba3
Bd4+ 28. Kh1 Bxf1 29. Nxf1 Rc8 30. Ne7+ 1-0

[Event "Club Rapid"]
[Site "Wellington Chess Club"]
[Date "2022.05.12"]
[Round "9"]
[White "Winter, Ryan"]
[Black "Croad, Nicolas"]
[Result "1/2-1/2"]
[WhiteElo "2052"]
[BlackElo "2328"]

1. e4 e5 2. Nf3 Nc6 3. Bb5 a6 4. Ba4 Nf6 5. O-O Be7 6. Qe2 d6 7. c3 Bd7 8. Rd1
O-O 9. Bc2 Re8 10. d4 exd4 11. cxd4 Nb4 12. Nc3 Nxc2 13. Qxc2 Bg4 14. Qd3 c5
15. Bf4 cxd4 16. Qxd4 Qa5 17. Qd3 Qh5 18. h3 Bxf3 19. Qxf3 Qxf3 20. gxf3 Rad8
21. Rd3 Nh5 22. Bh2 Bf6 23. Rad1 Rc8 24. Rxd6 Bxc3 25. bxc3 g6 26. Kg2 Rc4 27.
Bg3 Kg7 28. Rd7 Nxg3 29. Kxg3 Rxc3 30. Rxb7 Re6 31. Re1 Ra3 32. Re2 h5 33. h4
Re5 34. Rb3 Ra4 35. Rc2 Re6 36. Rb7 Ra3 37. Rb3 Ra5 38. Rb7 Rf6 39. Rcc7 Ra3
40. Rb3 Rxa2 41. e5 1/2-1/2

[Event "Club Rapid"]
[Site "Wellington Chess Club"]
[Date "2022.05.12"]
[Round "10"]
[White "Croad, Nicolas"]
[Black "Chen, Wei Kai"]
[Result "1-0"]
[WhiteElo "2328"]
[BlackElo "1737"]

1. e4 e5 2. Nf3 Nc6 3. Bc4 Nf6 4. d3 h6 5. O-O Be7 6. Re1 d6 7. a4 Bg4 8. c3
O-O 9. Nbd2 Qd7 10. Nf1 Rad8 11. Ne3 Be6 12. Nd5 Bg4 13. h3 Bh5 14. Be3 a6 15.
b4 Nxd5 16. Bxd5 b6 17. g4 Bg6 18. Qd2 Kh7 19. Kh2 Rde8 20. Rg1 Nd8 21. h4 h5
22. gxh5 Bxh5 23. Ng5+ Bxg5 24. Rxg5 g6 25. Rag1 Ne6 26. R5g3 Rg8 27. f4 exf4
28. Bxf4 Nxf4 29. Qxf4 Ref8 30. Rg5 Qe7 31. d4 Rg7 32. R5g2 f6 33. Rg3 f5 34.
Rg5 Be2 35. R1g2 Bd3 36. h5 Rf6 37. Qh4 Rff7 38. hxg6+ 1-0

[Event "Club Rapid"]
[Site "Wellington Chess Club"]
[Date "2022.05.12"]
[Round "10"]
[White "Ker, Anthony"]
[Black "Winter, Ryan"]
[Result "1-0"]
[WhiteElo "2367"]
[BlackElo "2052"]

1. e4 c6 2. d4 d5 3. exd5 cxd5 4. Bd3 Nc6 5. c3 g6 6. Nf3 Bf5 7. Bxf5 gxf5 8.
Bf4 e6 9. Qb3 Qc8 10. Nbd2 Nge7 11. O-O Ng6 12. Be5 Ngxe5 13. Nxe5 Nxe5 14.
dxe5 Be7 15. Rac1 O-O 16. c4 d4 17. c5 Qc6 18. Qd3 Rfd8 19. b4 a5 20. a3 axb4
21. axb4 Kh8 22. Nc4 Qb5 23. Rfd1 Qxb4 24. Nd6 Bxd6 25. cxd6 Rac8 26. Rb1 Qa5
27. Qxd4 Rd7 28. Re1 Rg8 29. Rbc1 Rg4 30. Qd3 Kg7 31. h3 Rg6 32. f4 Qb4 33. Qc4
Qa5 34. Kh2 b5 35. Qc3 Qa4 36. g3 h5 37. h4 b4 38. Qc6 Qa7 39. Qf3 b3 40. Qxb3
Qf2+ 41. Kh3 Rb7 42. Qe3 Qa2 43. Re2 Qa4 44. Qf3 Rb3 45. Rc3 Rb1 46. Rd2 Qa1
47. d7 Rh1+ 48. Rh2 Rd1 49. Rd3 Rf1 50. d8=Q Rxf3 51. Rxf3 Qg1 52. Qd2 1-0

[Event "Club Rapid"]
[Site "Wellington Chess Club"]
[Date "2022.05.12"]
[Round "10"]
[White "Van der Hoorn, Thomas"]
[Black "Symon, Christopher"]
[Result "1-0"]
[WhiteElo "1869"]
[BlackElo "1596"]

1. e4 c5 2. Nf3 Nc6 3. d4 cxd4 4. Nxd4 g6 5. Nc3 Bg7 6. Be3 Nf6 7. Bc4 O-O 8.
Bb3 a6 9. f3 e6 10. Qd2 b5 11. O-O-O h5 12. Nxc6 Qc7 13. Nd4 e5 14. Nde2 b4 15.
Nd5 Nxd5 16. Bxd5 Rb8 17. Bh6 a5 18. Bxg7 Kxg7 19. h4 a4 20. Kb1 Ba6 21. g4 Bc4
22. Bxc4 Qxc4 23. gxh5 b3 24. cxb3 axb3 25. a3 Rfc8 26. Rc1 Qa6 27. hxg6 fxg6
28. h5 Rxc1+ 29. Rxc1 Rb7 30. hxg6 Kxg6 31. f4 Qa4 32. Qd6+ Kh5 33. Qxe5+ Kg4
34. Nd4 Kg3 35. Qg5+ Kf2 36. Qg1# 1-0

[Event "Club Rapid"]
[Site "Wellington Chess Club"]
[Date "2022.05.12"]
[Round "10"]
[White "Wilkins, Mark"]
[Black "Malcolm, Aidan"]
[Result "0-1"]
[WhiteElo "1717"]
[BlackElo "1563"]

1. d4 f5 2. Nc3 Nf6 3. Nf3 e6 4. e3 Be7 5. Bd3 b6 6. e4 fxe4 7. Nxe4 Bb7 8.
Nxf6+ Bxf6 9. O-O O-O 10. c3 Be7 11. Ne5 Qe8 12. Qc2 Qh5 13. Be4 c6 14. Bf3 Qe8
15. Be3 d6 16. Nd3 Nd7 17. Nf4 Bd8 18. Bh5 Qe7 19. Rae1 e5 20. dxe5 dxe5 21.
Qb3+ Kh8 22. Ne6 Rf5 23. Bg4 Rf7 24. Ng5 Rf8 25. Qc2 Nf6 26. Bf5 h6 27. Ne6 Rf7
28. Bd2 Nd5 29. Rxe5 Qf6 0-1

[Event "Club Rapid"]
[Site "Wellington Chess Club"]
[Date "2022.05.12"]
[Round "10"]
[White "Zaslow, Henry"]
[Black "Rose, Nathan"]
[Result "1-0"]
[WhiteElo "1617"]
[BlackElo "1161"]

1. Nc3 Nf6 2. e4 d6 3. d4 e5 4. Nf3 Nc6 5. Bb5 Bd7 6. O-O Be7 7. d5 Nb8 8. Bc4
O-O 9. h3 a5 10. Be3 c6 11. Qe2 cxd5 12. Nxd5 Nxd5 13. Bxd5 Nc6 14. Rfd1 Rb8
15. a4 Nb4 16. Bc4 Qc7 17. c3 Nc6 18. Nd2 Bf6 19. Bd5 Ne7 20. Bc4 Rbc8 21. Bb5
d5 22. Bxd7 Qxd7 23. Qb5 Qxb5 24. axb5 Ra8 25. Bc5 d4 26. cxd4 exd4 27. Nf3
Rfc8 28. e5 1-0

[Event "Autumn Cup"]
[Site "Wellington Chess Club"]
[Date "2022.05.19"]
[Round "1.1"]
[White "Benitez, Edgar"]
[Black "Van der Hoorn, Thomas"]
[Result "0-1"]
[WhiteElo "2001"]
[BlackElo "1999"]

1. d4 Nf6 2. c4 e6 3. Nf3 d5 4. Nc3 Be7 5. Bg5 h6 6. Bh4 O-O 7. e3 b6 8. cxd5
Nxd5 9. Bg3 Bb7 10. Be2 Nd7 11. O-O c5 12. Rc1 Rc8 13. Nb5 cxd4 14. exd4 N7f6
15. Bd3 Rxc1 16. Qxc1 a6 17. Nc3 Nb4 18. Be2 Bxf3 19. Bxf3 Qxd4 20. Rd1 Qc5 21.
a3 Nbd5 22. Nxd5 exd5 23. Qxc5 bxc5 24. Bxd5 Nxd5 25. Rxd5 Rc8 26. Be5 c4 27.
Kf1 Rc5 28. Rxc5 Bxc5 29. Ke2 f6 30. Bc3 Kf7 31. h4 h5 32. f3 Ke6 33. g4 g6 34.
Kf1 f5 35. g5 Kd5 36. Ke2 Bd4 37. Bxd4 Kxd4 38. Kd2 f4 39. Ke2 a5 40. a4 Kc5
41. Kd2 Kb4 42. Kc2 Kxa4 43. Kc3 Kb5 44. Kd4 a4 45. Ke5 c3 46. bxc3 a3 47. Kf6
a2 48. Kxg6 a1=Q 49. Kxh5 Qxc3 50. Kg4 Qe5 51. h5 Kc6 52. h6 Kd6 53. Kh5 Qf5
54. Kh4 Qg6 55. Kg4 Ke5 56. Kh4 Qc2 57. Kh5 Kf5 0-1